NLSUI OPAC header image

Religion, caste, and state / (Record no. 118408)

MARC details
000 -LEADER
fixed length control field 01065cam a2200337 a 4500
001 - CONTROL NUMBER
control field 14652583
003 - CONTROL NUMBER IDENTIFIER
control field OSt
005 - DATE AND TIME OF LATEST TRANSACTION
control field 20200616132207.0
008 - FIXED-LENGTH DATA ELEMENTS--GENERAL INFORMATION
fixed length control field 061201s2007 ii b 001 0 eng
010 ## - LIBRARY OF CONGRESS CONTROL NUMBER
LC control number 2006454175
020 ## - INTERNATIONAL STANDARD BOOK NUMBER
International Standard Book Number 8131600637
025 ## - OVERSEAS ACQUISITION NUMBER
Overseas acquisition number I-E-2006-454175; 63-91
037 ## - SOURCE OF ACQUISITION
Source of stock number/acquisition Library of Congress -- New Delhi Overseas Office
Terms of availability Rs650.00
040 ## - CATALOGING SOURCE
Original cataloging agency DLC
Transcribing agency DLC
Modifying agency DLC
042 ## - AUTHENTICATION CODE
Authentication code lcode
043 ## - GEOGRAPHIC AREA CODE
Geographic area code a-ii---
050 00 - LIBRARY OF CONGRESS CALL NUMBER
Classification number DS483.853
Item number .R33 2007
082 ## - DEWEY DECIMAL CLASSIFICATION NUMBER
Classification number 306.0954 RAD
100 1# - MAIN ENTRY--PERSONAL NAME
Personal name Radhakrishnan, P.,
Dates associated with a name 1949-
245 10 - TITLE STATEMENT
Title Religion, caste, and state /
Statement of responsibility, etc. P. Radhakrishnan.
260 ## - PUBLICATION, DISTRIBUTION, ETC.
Place of publication, distribution, etc. Jaipur :
Name of publisher, distributor, etc. Rawat Publications,
Date of publication, distribution, etc. 2007.
300 ## - PHYSICAL DESCRIPTION
Extent viii, 300 p. ;
Dimensions 22 cm.
504 ## - BIBLIOGRAPHY, ETC. NOTE
Bibliography, etc. note Includes bibliographical references (p. [292]-296) and index.
520 ## - SUMMARY, ETC.
Summary, etc. Articles with reference to India.
650 #0 - SUBJECT ADDED ENTRY--TOPICAL TERM
Topical term or geographic name entry element Religion and politics
Geographic subdivision India.
650 #0 - SUBJECT ADDED ENTRY--TOPICAL TERM
Topical term or geographic name entry element Caste
Geographic subdivision India.
651 #0 - SUBJECT ADDED ENTRY--GEOGRAPHIC NAME
Geographic name India
General subdivision Politics and government
Chronological subdivision 1977-
906 ## - LOCAL DATA ELEMENT F, LDF (RLIN)
a 7
b cbc
c origode
d 3
e ncip
f 20
g y-gencatlg
942 ## - ADDED ENTRY ELEMENTS (KOHA)
Source of classification or shelving scheme Dewey Decimal Classification
Koha item type CSSEIP Office Library Collection
Holdings
Withdrawn status Lost status Source of classification or shelving scheme Materials specified (bound volume or other part) Damaged status Not for loan Home library Current library Shelving location Date acquired Total Checkouts Full call number Barcode Date last seen Price effective from Koha item type Public note
    Dewey Decimal Classification PB     . . CSSEIP Office Library - Ambedkar Studies Books 16.06.2020   306.0954 RAD AMB080 16.06.2020 16.06.2020 CSSEIP Office Library Collection Available in CSSEIP Department Library